| Tag |
First Indicator |
Second Indicator |
Subfields |
| LEADER |
00000cam a2200000 4500 |
| 001 |
in00000700511 |
| 005 |
20151016052711.0 |
| 008 |
731001s1946 paua 00010 eng u |
| 010 |
|
|
|a 47030140
|
| 035 |
|
|
|a (OCoLC)00705864
|
| 035 |
|
|
|9 ADB7714AM
|
| 040 |
|
|
|c MIA
|d TXA
|d UtOrBLW
|
| 049 |
|
|
|a TXAM
|c 1 [141410]
|c 2 [141411]
|
| 050 |
|
0 |
|a TT160
|b .N48
|
| 082 |
0 |
|
|a 680
|
| 092 |
|
|
|a 745
|b N548y
|
| 100 |
1 |
|
|a Newkirk, Louis V.
|q (Louis Vest),
|d 1901-
|
| 245 |
1 |
0 |
|a Your craft book /
|c by Louis V. Newkirk ... and La Vada Zutter ...
|
| 264 |
|
1 |
|a Scranton, Pa. :
|b International textbook company,
|c [1946]
|
| 300 |
|
|
|a xi, 212 pages :
|b illustrations (part color) diagrams ;
|c 28 cm.
|
| 336 |
|
|
|a text
|b txt
|2 rdacontent
|
| 337 |
|
|
|a unmediated
|b n
|2 rdamedia
|
| 338 |
|
|
|a volume
|b nc
|2 rdacarrier
|
| 490 |
1 |
|
|a Arts and industries series
|
| 500 |
|
|
|a "First printing, October, 1946."
|
| 650 |
|
0 |
|a Handicraft.
|
| 700 |
1 |
|
|a Zutter, La Vada.
|
| 830 |
|
0 |
|a Arts and industries series.
|
| 999 |
|
|
|a MARS
|
| 999 |
f |
f |
|s 86372781-ee57-3347-a69b-f5c63e83d985
|i 1dc12f66-466d-3cb5-82ce-254886f7ca5e
|t 0
|
| 952 |
f |
f |
|p ric
|a Texas A&M University
|b Rellis Campus
|c Joint Library Facility
|d Remote Storage
|t 0
|e TT160 .N48
|h Library of Congress classification
|i unmediated -- volume
|m A14801152174
|
| 998 |
f |
f |
|a TT160 .N48
|t 0
|l Remote Storage
|